| 000 | 00900nam a22002777a 4500 | ||
|---|---|---|---|
| 001 | BR8805197 | ||
| 003 | BR-BrBNA | ||
| 005 | 20230928093014.0 | ||
| 007 | ta | ||
| 008 | 230509b bl.||||| |||| 00| 0 por d | ||
| 040 |
_aBR-BrBNA _bpor _cBiblioteca Nacional de Agricultura |
||
| 041 | _a(Por) | ||
| 072 |
_aM11; U40 _b8180 _b/G514 |
||
| 090 | _ 8180 BR8805197 | ||
| 100 | 1 | _aAbdon, M. de M. | |
| 110 | 1 | _aInstituto de Pesquisas Espaciais, Sao Jose dos Campos, SP (Brasil) | |
| 245 | 1 |
_aRelatorio final - Subproduto carpe: fase atum (Albacora-de-laje, Albacora-branca, Albacora-bandolim)[Brasil] _bINPE-3673-RPE/489 |
|
| 260 | 3 |
_aSao Jose dos Campos, SP (Brasil): _c1985. |
|
| 300 | _a37 p. | ||
| 500 | _a10 illus.; 9 tables; 14 ref.; Summary (Eng) | ||
| 650 | _aPESCA MARINHA | ||
| 650 | _aATUM | ||
| 650 | _aSENSORIAMENTO REMOTO | ||
| 909 |
_a202309 _bLucia _c55 _dLucia Elande |
||
| 942 | _cBK | ||
| 999 |
_c42475 _d42475 |
||